| 000 | 00327nam a2200097Ia 4500 | ||
|---|---|---|---|
| 008 | 241105s9999 xx 000 0 und d | ||
| 041 | _aeng | ||
| 100 |
_aBarmade Awanti _9181643 |
||
| 245 | _aLinear Park: Finding Opportunities For Recreational UrbanLandscape Along The Streets | ||
| 260 |
_bBNCA-M Arch Landscape Architecture _aPune |
||
| 999 |
_c362073 _d362073 |
||